00249nam a2200097Ia 4500001000400000002003800004008003700042010001100079700003100090700003000121IA_INTRODUCCION A LA MECANICA DE FLUIDOS220117s xx 000 0 und d a179752 aMcDonald, Alan T., coaut.  aNagore Cázares, Gabriel